T7 707 - Statistics

General Stats
  • This quiz has been taken 6 times
  • The average score is 27 of 44
Answer Stats
Hint Answer % Correct
élève Adrien
80%
Lajus Anne-sophie
80%
élève Emma
80%
élève Emma
80%
élève Emma
80%
Steibel Mireille
80%
élève Agathe
60%
élève Alek
60%
élève Ambre
60%
élève Armand
60%
élève Audouin
60%
élève Axel
60%
Bothereau Benoit
60%
Mandaroux Bruno
60%
élève Eloïse
60%
élève Emmanuel
60%
élève Ethan
60%
élève Gabin
60%
élève Kaïs
60%
élève Laly
60%
élève Linda
60%
élève Manon
60%
élève Manon
60%
élève Mathilde
60%
élève Mattéo
60%
élève Maxime
60%
Bonan Mélanie
60%
élève Mélyne
60%
élève Myrième
60%
Vivier Nathalie
60%
élève Nathan
60%
élève Nathan
60%
élève Noé
60%
élève Paul
60%
élève Pauline
60%
élève Pauline
60%
élève Phillipine
60%
élève Sarah
60%
Racaud Sébastien
60%
élève Tess
60%
élève Théo
60%
élève Valentin
60%
Gallego Blanco Irene
40%
élève Noa
40%
No matching quizzes found
Score Distribution
Percent of People with Each Score
Percentile by Number Answered
Your Score History
You have not taken this quiz